000
00316nam a2200133Ia 4500
008
150201s2010 xx 000 0 und d
082
_a
617
_b
S010S
100
_a
SHRIVASTAVA,UK
245
_a
AN APPROACH TO SURGICAL EMERGENCY
250
_a
1ST
260
_b
CBS
_a
DELHI
_c
2010
650
_a
SURGERY
942
_2
ddc
_c
BK
_0
1
999
_c
654
_d
654